000 00402nam a2200169Ia 4500
008 230711s9999||||xx |||||||||||||| ||und||
041 _aENG
082 _a510
_bJA-E
100 _aJain,RK
245 0 _aAdvanced engineering Mathematics
250 _a2nd Ed.
260 _c2006
_aNew Delhi
_bNarosa Publishing House
300 _a1136
650 _aMathematics
700 _aIyenger,SRK
942 _cBK
999 _c4519
_d4519